000 00462nam a2200181Ia 4500
003 GCL
008 140319s9999 xx 000 0 eng d
040 _aGCL /
_cGCL
082 0 4 _aCH.
_b823.087
_bJ I
100 1 _aJAMES, KENNTH
245 1 0 _aINSPECTOR THACKERAY ARRIVES /
_cJAMES, KENNTH
700 1 _aRIDLEY, TREVOR
260 _a[S.N] :
_bLONGMAN GROUP UK LIMITED ،
_c1983
300 _a46 P
650 0 4 _aCHILDREN
650 0 4 _aTALES
942 _2ddc
_cBK
999 _c18028
_d18028